Contra la corriente: ensayos sobre historia de las ideas
Gespeichert in:
| 1. Verfasser: | |
|---|---|
| Format: | Buch |
| Sprache: | Spanisch |
| Veröffentlicht: |
Ciudad de México
Fondo de Cultura Económica
1983
|
| Ausgabe: | 1a. ed |
| Schriftenreihe: | Sección de Obras de historia
|
| Schlagworte: | |
| Tags: |
Tag hinzufügen
Keine Tags, Fügen Sie den ersten Tag hinzu!
|
MARC
| LEADER | 00000nam a2200000 a 4500 | ||
|---|---|---|---|
| 001 | UCH0752 | ||
| 003 | CL-VaPUC | ||
| 008 | 090326e19830000MX |||||||||||||||||spa|d | ||
| 020 | |a 8437503183 | ||
| 082 | 0 | 4 | |a 192 |b BER |2 21 |
| 100 | |a Berlin, Isaiah |e author |9 581668 | ||
| 245 | 1 | 0 | |a Contra la corriente: ensayos sobre historia de las ideas |
| 250 | |a 1a. ed | ||
| 300 | |a 455 p | ||
| 942 | |c BK | ||
| 945 | |d 20090326 00:00:00 |a rbrito | ||
| 260 | |a Ciudad de México |b Fondo de Cultura Económica |c 1983 | ||
| 650 | 0 | |a Filosofía inglesa |9 255676 | |
| 583 | |a last modification |c 20140403 05:11:57 |k Rodrigo Vera | ||
| 490 | 0 | |a Sección de Obras de historia | |
| 999 | |c 332995 |d 332993 | ||
| 952 | |0 0 |1 0 |4 0 |6 192_000000000000000_BER_1983 |7 0 |8 A |9 421105 |a BIBHIS |b BIBHIS |d 2019-11-22 |i 4524276 |o 192 BER 1983 |p 4524276 |r 2025-01-20 |w 2019-11-22 |y BK |k HIS | ||